LEADER 01587nam 2200361Ia 450 001 996391339103316 005 20210104171820.0 035 $a(CKB)4940000000098246 035 $a(EEBO)2240910038 035 $a(OCoLC)ocn953793072e 035 $a(OCoLC)953793072 035 $a(EXLCZ)994940000000098246 100 $a20160720d1640 uy 0 101 0 $aeng 135 $aurbn||||a|bb| 200 10$aNeve, 1640. A new almanack, and prognostication, with the forraigne computation, serving for the year of Our Lord God, and Saviour Iesus Christ, 1640$b[electronic resource] $ebeing the bissextile, or leap-yeare : rectified for the elevation of the pole artick, and meridian of the ancient and famous city of Norwich, and may serve generally for the most part of Great Brittain /$fpractised, penned and published, by John Neve, gent 210 $aLondon $cPrinted by R.O. for the Company of Stationers$d[1640] 215 $a[48] p. $cill 300 $aReproduction of original in: Yale University Library. 330 $aeebo-0198 606 $aAstrology$vEarly works to 1800 608 $aAlmanacs.$2rbgenr 608 $aEphemerides.$2rbgenr 615 0$aAstrology 700 $aNeve$b John$factive 1626-1661.$01016378 702 $aR. O 712 02$aStationers' Company (London, England), 801 0$bUMI 801 1$bUMI 906 $aBOOK 912 $a996391339103316 996 $aNeve, 1640. A new almanack, and prognostication, with the forraigne computation, serving for the year of Our Lord God, and Saviour Iesus Christ, 1640$92377845 997 $aUNISA LEADER 01505nas 2200469 c 450 001 9910894989503321 005 20260218111232.0 024 7 $aurn:nbn:de:hebis:43:epflicht-8690 035 $a(CKB)3790000000120535 035 $a(DE-599)ZDB2481329-1 035 $a(OCoLC)1164172689 035 $a(OCoLC)643465985 035 $a(DE-101)992850479 035 $a(DE-599)2481329-1 035 $a(EXLCZ)993790000000120535 100 $a20090224a20069999 |y | 101 0 $ager 135 $aur||||||||||| 181 $ctxt$2rdacontent 182 $cc$2rdamedia 183 $acr$2rdacarrier 200 10$aStatistische Berichte / Hessisches Statistisches Landesamt$hE$hI$h1-m$iBetriebe, Bescha?ftigte und Umsatz im Verarbeitenden Gewerbe (einschl. Bergbau und Gewinnung von Steinen und Erden) in Hessen (Betriebe mit im Allgemeinen 50 und mehr Bescha?ftigten) 210 31$aWiesbaden$cHessisches Statistisches Landesamt$d2006- 215 $aOnline-Ressource 225 0 $aStatistik Hessen 300 $aGesehen am 20.10.14 517 $aStatistische Berichte / E / 1 / 1 517 1 $aStatistische Berichte / E / 1 / 1 m 608 $aZeitschrift$2gnd-content 608 $aStatistik$2gnd-content 610 $aGewerbe 610 $aStatistik 610 $aHessen 676 $a330 676 $a310 801 0$b0004 801 1$bDE-101 801 2$b9001 906 $aJOURNAL 912 $a9910894989503321 996 $aStatistische Berichte$91920339 997 $aUNINA